В единен строй (Запис номер 123392)
[ съкратено ]
| 000 -Лидер | |
|---|---|
| Контролно поле с фиксирана дължина | 02083nam a2200421 c 4500 |
| 003 - Код на организацията, давaща контролен номер | |
| Контролно поле | BLK |
| 005 - Дата и час на последна редакция | |
| Контролно поле | 20180420231723.0 |
| 008 - Елементи от данни с фиксирана дължина | |
| fixed length control field | 180409b bul|||||r ||||||| ||bul|| |
| 010 ## - Наследен системен номер | |
| LC control number | KNG00129052000 |
| 040 ## - Източник на каталожния запис | |
| Идентификатор на билиотеката - собственик на записа | BLK |
| 041 ## - Код за език | |
| Код за езика на текст/звукозапис или на отделно заглавие | Български |
| Код за езика КДБФ | Български |
| 080 ## - УДК | |
| Текстов определител УДК | Партии и движения със социалистически и социалдемократически възгледи. Социалистически и социалдемократически партии. Вж и 327. 323 |
| УДК код - определител по УДК | 329.14 |
| УДК определител | (497.217.1)БЗНС(091) |
| УДК - код + определител | 329.14(497.217.1)БЗНС(091) |
| 080 ## - УДК | |
| Текстов определител УДК | Комунистически партии. Вж и 327.323 |
| УДК код - определител по УДК | 329.15 |
| УДК определител | (497.217.1)БКП(091) |
| УДК - код + определител | 329.15(497.217.1)БКП(091) |
| 080 ## - УДК | |
| Текстов определител УДК | България през периода на общата криза на капитализма (1918-1944) |
| УДК код - определител по УДК | 94(497.2)"1918/1945" |
| УДК определител | |
| УДК - код + определител | 94(497.2)"1918/1945" |
| 100 1# - Редна дума - Автор | |
| Автор | Атанасов, Руси Атанасов |
| Авторска отговорност | първи автор |
| R(LIN) | 302123 |
| 139 ## - Редно поле | |
| Редна дума | Атанасов, Руси Атанасов |
| Авторски знак | Ат - А 93 |
| 245 10 - Сведения за заглавието | |
| Заглавие | В единен строй |
| Подзаглавни данни | Комунист.-земед. единство в Търговищки окр. през 1923 - 1925 г. |
| Редно поле (дума) | Руси Атанасов Атанасов. |
| 257 ## - Страна на издаване | |
| Страна на създаване/издаване | България |
| 260 ## - Област на издателските данни | |
| -- | София |
| Име на издателя, разпространителя и проч. | БЗНС |
| Година на издаване | 1979 |
| 300 ## - Физическа характеристика | |
| Страници | 180 с. |
| Размери/Мащаб | 20 см |
| 380 ## - Жанр | |
| Жанр | Обществени науки |
| 500 ## - Общи забележки | |
| Забележка | 7 150 тир. - Библиогр. под линия. |
| 650 #4 - Допълнително описание по предмет – тема | |
| Основно описание – тема или топоним | Търговищки окръг - история |
| 9 (RLIN) | 318162 |
| 650 #4 - Допълнително описание по предмет – тема | |
| Основно описание – тема или топоним | Икономика, световна |
| 9 (RLIN) | 318163 |
| 650 #4 - Допълнително описание по предмет – тема | |
| Основно описание – тема или топоним | Борба против фашизма - България |
| 9 (RLIN) | 246462 |
| 651 #4 - Допълнително описание по предмет - топоним | |
| Географско понятие | Търговищко |
| 9 (RLIN) | 179696 |
| 651 #4 - Допълнително описание по предмет - топоним | |
| Географско понятие | България |
| 9 (RLIN) | 241624 |
| 653 ## - Ключова дума – ненормативна | |
| Ключова дума | БКП |
| 653 ## - Ключова дума – ненормативна | |
| Ключова дума | БЗНС |
| 653 ## - Ключова дума – ненормативна | |
| Ключова дума | въстания |
| 653 ## - Ключова дума – ненормативна | |
| Ключова дума | антифашистка борба |
| 653 ## - Ключова дума – ненормативна | |
| Ключова дума | българска история |
| 852 ## - Местоположение | |
| Форматна сигнатура | Цб 97757 |
| 856 4# - Електронен адрес и достъп | |
| Електронен формат | pdf - файл |
| Път до файла /url/ | |
| 856 4# - Електронен адрес и достъп | |
| Електронен формат | pdf - файл |
| Път до файла /url/ | |
| 942 ## - АРТИКУЛИ | |
| Вид на библиотечния материал | Книги |
| Скрит в OPAC | Не |
| 944 ## - СЪЗДАВАНЕ И РЕДАКЦИЯ на ЗАПИСА | |
| Създаване/Редакция | Създаване |
| Дата на регистрацията/редакция | 20.03.2012 |
| Статус, дата на статуса | 20.03.2012 - от С1,Р / 20.03.2012 |
| Служител, извършил регистрацията/редакцията | Наталия_Медовщикова |
| 944 ## - СЪЗДАВАНЕ И РЕДАКЦИЯ на ЗАПИСА | |
| Създаване/Редакция | Редакция |
| Дата на регистрацията/редакция | 20.03.2012 |
| Статус, дата на статуса | 20.03.2012 - от С1,Р / 20.03.2012 |
| Служител, извършил регистрацията/редакцията | |
| 999 ## - СИСТЕМНИ КОНТРОЛНИ НОМЕРА | |
| Koha biblionumber | 123392 |
| Koha biblioitemnumber | 123392 |
| Код за отписване | Код за изгубен артикул | Източник на класификационната схема | Код за повреда | Коз за рестрикции | Код за отдаване | Артикулен № | Име на библиотеката - собственик | Име на библиотеката, в която се намира в момента | Статус (Текущо местоположение) | Дата на вписване в системата | Местоположение - отдел | Цена в лева | Инвентарен номер | Систематично азбучна сигнатура | Баркод | Номер на екземпляра | Цена в евро | Служебна бележка | Служебен тип на артикула |
|---|---|---|---|---|---|---|---|---|---|---|---|---|---|---|---|---|---|---|---|
| Не е изгубен | Universal Decimal Classification | Не е повреден | само за читалня | ползва се в читалня | 199754 | Регионална библиотека "Любен Каравелов" Русе | Регионална библиотека "Любен Каравелов" Русе | Хранилище | 1979-01-01 | Хранилище | 0.66 | 279401 | Цб 97757 | 120000279401 | 1 | 0.34 | N: стар фонд Дата: 01.01.1979 | Книги |